banner-ar

LOSE WEIGHT : (Record no. 4828)

MARC details
000 -الفاتح
حقل البيانات ثابتة الطول 00561nam a2200205Ia 4500
008 - عناصر البيانات ثابتة الطول - معلومات عامة
حقل البيانات ثابتة الطول 140319s9999 xx 000 0 eng d
020 ## - الرقم الدولى المعيارى للكتب
الرقم الدولى المعيارى للكتاب 0875962025
040 ## - مصدر الفهرسة
وكالة الفهرسة الأصلية GCL /
وكالة النسخ GCL
082 04 - رقم تصنيف ديوى العشرى
رقم التصنيف 613.25
رقم المادة B L
100 1# - المدخل الرئيسى - إسم شخصى
الإسم الشخصى BRICKLIN, MARK
245 10 - بيان العنوان
العنوان LOSE WEIGHT :
بقية العنوان GUIDEBOOK : WEIGHT - LOSS WINNERS, SHARE THEIR SECRETS /
بيان المسئوليه,etc BRICKLIN, MARK
260 ## - PUBLICATION, DISTRIBUTION, ETC. (IMPRINT)
تاريخ النشر أو التوزيع 1994
300 ## - الوصف المادى
التعداد 18 CM ؛
أبعاد الوعاء XV11, 284 P
650 04 - المدخل الاضافى بالموضوع-مصطلح موضوعى
مصطلح موضوعي HEALTH
650 04 - المدخل الاضافى بالموضوع-مصطلح موضوعى
مصطلح موضوعي WEIGHT
650 04 - المدخل الاضافى بالموضوع-مصطلح موضوعى
مصطلح موضوعي GUIDE BOOKS
650 04 - المدخل الاضافى بالموضوع-مصطلح موضوعى
مصطلح موضوعي WEIGHT LOSE
942 ## - عناصر المدخل الإضافي( كوها)
مصدر التصنيف او مخطط الترفيف Dewey Decimal Classification
Koha [default] item type كتاب
260 ## - PUBLICATION, DISTRIBUTION, ETC. (IMPRINT)
-- [S.N] :
-- RADUGA PUBLISHERS ،
Holdings
حالة التراجع حالة الفقد حالة تلف ليس للاعارة المكان المؤقت الموقع الحالى تاريخ الاكتساب اجمالي اﻻعارات رقم الطلب الباركود تاريخ اخر مشاهدة تاريخ تفعيل السعر نوع وعاء كوها
        مكتبة القاهرة الكبرى مكتبة القاهرة الكبرى 03/26/2014   613.25\B L 10818 03/26/2014 03/26/2014 كتاب

Powered By

EGPV